| 000 | 01257nam a22002897a 4500 | ||
|---|---|---|---|
| 003 | OSt | ||
| 005 | 20250321002427.0 | ||
| 008 | 250306b ||||| |||| 00| 0 eng d | ||
| 040 |
_bEnglish. _cCvSU-CCAT Campus Library. _erda. |
||
| 050 |
_aUM QC 903 _bB84 2017 |
||
| 100 |
_aBuenaflor, Myra B., author. _914617 |
||
| 245 |
_aLevel of awareness on climate change among fisherfolks In Rosario, Cavite / _cMyla B. Buenaflor, Herlyn J. Costelo. |
||
| 260 |
_aRosario, Cavite : _bCavite State University-CCAT Campus, _c2017. |
||
| 300 |
_avii, 47 leaves : _billustrations ; _c28 cm |
||
| 500 | _aUndergraduate Thesis (BSIE) -- Cavite State University-CCAT Campus, 2017. | ||
| 504 | _aIncludes bibliographical references and appendices. | ||
| 546 | _aIn English text | ||
| 650 |
_aClimate change awareness. _915322 |
||
| 650 |
_aEnvironmental awareness. _915323 |
||
| 650 |
_aFisherfolk, Rosario, Cavite -- Sustainable Fishing Practices. _915324 |
||
| 650 |
_aWater temperature changes. _915325 |
||
| 700 |
_aCostelo, Herlyn J., author. _914618 |
||
| 700 |
_aMerced, Caridad S., adviser. _910334 |
||
| 700 |
_aBartolome, Gee Jay, technical critic. _915326 |
||
| 942 |
_2lcc _cT/M/D _kUM _hQC 903 B84 2017 |
||
| 999 |
_c3889 _d3889 |
||